[Event "Andujar op"]
[Site "Andujar"]
[Date "2025.06.28"]
[Round "2"]
[White "Oktem, Ege Tuna"]
[Black "Meskovs, Nikita"]
[Result "1/2-1/2"]
[WhiteElo "2240"]
[BlackElo "2529"]
[PlyCount "120"]
[EventDate "2025.06.27"]
[EventType "swiss"]
[EventRounds "9"]
[EventCountry "ESP"]
[SourceTitle "CB28_2025"]
[SourceDate "2025.07.09"]
[SourceVersion "1"]
[SourceVersionDate "2025.07.09"]
[SourceQuality "1"]

1. e4 c5 2. c3 d5 3. exd5 Nf6 4. Qa4+ Nbd7 5. c4 b5 6. Qxb5 e6 7. dxe6 fxe6 8. Be2 Rb8 9. Qa4 Bd6 10. Nf3 0-0 11. d3 Bb7 12. Nbd2 h6 13. Qc2 Qe8 14. b3 Qg6 15. Bb2 Rbe8 16. 0-0-0 Qxg2 17. Rhg1 Qxf2 18. Ne4 Bxe4 19. dxe4 Bxh2 20. Nxh2 Qxh2 21. Qd2 Re7 22. Rh1 Qc7 23. Qe3 Qc6 24. Bf3 e5 25. Rdg1 Kh7 26. Kb1 Ne8 27. Bc1 Rf6 28. Qe2 Nd6 29. Bg5 Rxf3 30. Qxf3 Rf7 31. Qh5 Qxe4+ 32. Kc1 Rf5 33. Qh3 Rxg5 34. Rxg5 Qf4+ 35. Kb1 Qxg5 36. Qxd7 Qg6+ 37. Kc1 Nf5 38. Qd3 Nd4 39. Qxg6+ Kxg6 40. Kd2 Kf6 41. Kd3 Nf5 42. Rd1 h5 43. Ke4 h4 44. Rf1 g6 45. Kd5 Kg5 46. Kxe5 h3 47. Rg1+ Kh4 48. Rxg6 Ng3 49. Rh6+ Kg4 50. Rxh3 Kxh3 51. Kd5 Kg4 52. Kxc5 Kf5 53. Kc6 Ke5 54. b4 Kd4 55. Kb5 Ne4 56. c5 Kd5 57. a3 Nc3+ 58. Ka6 Kc6 59. Kxa7 Nb5+ 60. Ka6 Nxa3 1/2-1/2

[Event "Marshall GM-A"]
[Site "New York"]
[Date "2025.05.26"]
[Round "9"]
[White "Stearman, Josiah P"]
[Black "Meskovs, Nikita"]
[Result "1/2-1/2"]
[WhiteElo "2438"]
[BlackElo "2539"]
[PlyCount "31"]
[EventDate "2025.05.22"]
[EventType "tourn"]
[EventRounds "9"]
[EventCountry "USA"]
[EventCategory "6"]
[SourceTitle "CB22_2025"]
[SourceDate "2025.05.28"]
[SourceVersion "1"]
[SourceVersionDate "2025.05.28"]
[SourceQuality "1"]

1. d4 Nf6 2. c4 e6 3. Nc3 d5 4. cxd5 exd5 5. Bg5 c6 6. e3 Nbd7 7. Bd3 Be7 8. Nf3 Nh5 9. Bf4 Nxf4 10. exf4 Nf6 11. Qc2 Nh5 12. g3 g6 13. h4 Qd6 14. Kf1 Ng7 15. Re1 h5 16. Nd1 1/2-1/2

[Event "New York Marshall CC-B 05"]
[Site "New York"]
[Date "2025.05.21"]
[Round "2"]
[White "Meskovs, Nikita"]
[Black "Dedona, Mark"]
[Result "1-0"]
[WhiteElo "2557"]
[BlackElo "1960"]
[PlyCount "75"]
[EventDate "2025.05.21"]
[EventType "swiss"]
[EventRounds "4"]
[EventCountry "USA"]
[SourceTitle "CB22_2025"]
[SourceDate "2025.05.28"]
[SourceVersion "1"]
[SourceVersionDate "2025.05.28"]
[SourceQuality "1"]

1. d4 Nf6 2. Nf3 e6 3. g3 c5 4. Bg2 cxd4 5. 0-0 Qb6 6. Nxd4 Nc6 7. Nb3 d5 8. a4 Be7 9. Nc3 0-0 10. Bf4 e5 11. Bg5 d4 12. Bxf6 Bxf6 13. Nd5 Qd8 14. a5 Be6 15. c4 Rc8 16. Nc5 Nxa5 17. Nxf6+ gxf6 18. Nxe6 fxe6 19. c5 b5 20. b4 Nc4 21. Rxa7 f5 22. Qa1 e4 23. e3 Rf7 24. Rxf7 Kxf7 25. exd4 Ra8 26. Qc1 Ra3 27. Qh6 Qxd4 28. Qxh7+ Qg7 29. Qxg7+ Kxg7 30. Rc1 Kf6 31. Bf1 e3 32. Bxc4 bxc4 33. fxe3 c3 34. b5 Ke7 35. b6 Kd7 36. b7 Kc7 37. Rb1 Kb8 38. c6 1-0

[Event "Tartu Estiko Blitz op 2nd"]
[Site "Tartu"]
[Date "2025.04.24"]
[Round "2"]
[White "Kukk, Sander"]
[Black "Meskovs, Nikita"]
[Result "1-0"]
[WhiteElo "2222"]
[BlackElo "2539"]
[PlyCount "136"]
[EventDate "2025.04.24"]
[EventType "swiss (blitz)"]
[EventRounds "9"]
[EventCountry "EST"]
[SourceTitle "CB20_2025"]
[SourceDate "2025.05.14"]
[SourceVersion "1"]
[SourceVersionDate "2025.05.14"]
[SourceQuality "1"]

1. b3 Nf6 2. Bb2 g6 3. e3 Bg7 4. Nf3 0-0 5. d4 d6 6. Be2 Nbd7 7. 0-0 c6 8. c4 Ne4 9. Nbd2 Nxd2 10. Qxd2 Nf6 11. Bd3 Bg4 12. Ne1 d5 13. f3 Be6 14. e4 Nh5 15. exd5 cxd5 16. c5 Qc7 17. b4 Nf4 18. Bc2 Bh6 19. Kh1 Kg7 20. Bc1 g5 21. g3 Ng6 22. Nd3 Bh3 23. Re1 Bf5 24. Ne5 Bxc2 25. Qxc2 Rae8 26. Bd2 e6 27. Kg2 Nxe5 28. dxe5 Rg8 29. Qd3 Kh8 30. h4 Rg6 31. h5 Rgg8 32. g4 Bf8 33. Be3 h6 34. Bd4 Be7 35. Rec1 a6 36. a4 Ra8 37. Qe3 Rgc8 38. Rc2 Qd7 39. Qb3 Kg7 40. Rac1 Bd8 41. b5 axb5 42. axb5 Ra5 43. c6 bxc6 44. bxc6 Qe7 45. Bc5 Qe8 46. Bd6 Be7 47. c7 Ra6 48. Qb7 Raa8 49. Qc6 Qxc6 50. Rxc6 Kf8 51. Rb6 Bxd6 52. exd6 Ke8 53. Kg3 Kd7 54. Rc3 f5 55. f4 gxf4+ 56. Kxf4 Ra4+ 57. Ke5 Re4+ 58. Kf6 Rxg4 59. Rb8 Rgg8 60. Rb6 f4 61. Ke5 Rg5+ 62. Kxf4 Rf8+ 63. Ke3 Rg3+ 64. Kd2 Rf2+ 65. Ke1 Rxc3 66. Kxf2 e5 67. Rb8 Rc2+ 68. Ke3 d4+ 1-0

[Event "Tartu Rapid op"]
[Site "Tartu"]
[Date "2025.04.24"]
[Round "1"]
[White "Tammela, Ranel"]
[Black "Meskovs, Nikita"]
[Result "0-1"]
[WhiteElo "2053"]
[BlackElo "2539"]
[PlyCount "126"]
[EventDate "2025.04.24"]
[EventType "swiss (rapid)"]
[EventRounds "11"]
[EventCountry "EST"]
[SourceTitle "CB20_2025"]
[SourceDate "2025.05.14"]
[SourceVersion "1"]
[SourceVersionDate "2025.05.14"]
[SourceQuality "1"]

1. e4 e5 2. Nf3 Nc6 3. Bb5 a6 4. Ba4 Nge7 5. c3 g6 6. d4 exd4 7. cxd4 Bg7 8. d5 b5 9. Bb3 Na5 10. d6 cxd6 11. 0-0 Bb7 12. Nc3 b4 13. Nd5 Nxb3 14. Qxb3 Nxd5 15. exd5 0-0 16. Bf4 a5 17. Bxd6 Re8 18. Rfe1 Qb6 19. Be5 Qb5 20. Rad1 a4 21. Qd3 Qxd3 22. Rxd3 Rac8 23. h4 f6 24. Bf4 Rxe1+ 25. Nxe1 Rc4 26. Be3 f5 27. b3 axb3 28. axb3 Rxh4 29. Nc2 Ba6 30. Rd1 Bc3 31. f3 Be2 32. Rc1 Bd3 33. Kf2 Bxc2 34. Rxc2 Rh1 35. Bd2 Bxd2 36. Rxd2 Rb1 37. Rd3 Rb2+ 38. Kg3 Kf7 39. Kh3 Kf6 40. f4 Rc2 41. g3 Rc3 42. Rd4 Rxb3 43. Rc4 Ke7 44. Rc5 Rb1 45. Rb5 b3 46. Rb6 b2 47. Kg2 h6 48. Kh2 g5 49. Kg2 gxf4 50. gxf4 h5 51. Kh2 h4 52. Kg2 Kf7 53. Kh2 Rf1 54. Rxb2 Rxf4 55. Rd2 Ke7 56. Kh3 Kd6 57. Rd3 Ke5 58. Rd1 d6 59. Rd2 Ke4 60. Rd1 Rg4 61. Rd2 Rg8 62. Kxh4 f4 63. Re2+ Kxd5 0-1